[Event "M.Chigorin Memorial"]
[Site "St. Petersburg RUS"]
[Date "2009.10.19"]
[Round "4.20"]
[White "Klimov, Sergey"]
[Black "Sjugirov, Sanan"]
[Result "1/2-1/2"]
[WhiteElo "2501"]
[BlackElo "2585"]
[PlyCount "92"]
[EventDate "2009.??.??"]

1. d4 d5 2. c4 e6 3. Nf3 Nf6 4. g3 Bb4+ 5. Bd2 Be7 6. Bg2 O-O 7. O-O c6 8. Bf4
b6 9. Nc3 Ba6 10. cxd5 cxd5 11. Rc1 Bb7 12. Ne5 Nbd7 13. Qb3 Nxe5 14. Bxe5 Qd7
15. Nb5 Bc6 16. a4 Rac8 17. Rfd1 Ne4 18. f3 Nf6 19. e3 Ne8 20. e4 Nf6 21. Bxf6
Bxf6 22. e5 Be7 23. Nc3 f6 24. exf6 Bxf6 25. Qc2 g5 26. Qe2 Kh8 27. b3 Qg7 28.
Qe3 Bb7 29. Kh1 Rce8 30. Nb5 Re7 31. Nxa7 e5 32. dxe5 Bxe5 33. Qxb6 d4 34. Nc6
Re6 35. Qb5 Bxg3 36. hxg3 Bxc6 37. Qd3 Re3 38. Qxd4 Re1+ 39. Rxe1 Qxd4 40. Rxc6
Qf2 41. Re7 Qxg3 42. Rh6 Rd8 43. Rhxh7+ Kg8 44. Rhg7+ Kh8 45. Rh7+ Kg8 46.
Rhg7+ Kh8 1/2-1/2

[Event "M.Chigorin Memorial"]
[Site "St. Petersburg RUS"]
[Date "2009.10.19"]
[Round "4.21"]
[White "Biriukov, Oleg V"]
[Black "Yakovich, Yuri"]
[Result "0-1"]
[WhiteElo "2362"]
[BlackElo "2576"]
[PlyCount "80"]
[EventDate "2009.??.??"]

1. d4 d5 2. c4 e6 3. Nf3 Nf6 4. g3 dxc4 5. Bg2 Bb4+ 6. Bd2 c5 7. Bxb4 cxb4 8.
Ne5 O-O 9. Nxc4 Nc6 10. e3 e5 11. d5 b5 12. dxc6 Qxd1+ 13. Kxd1 bxc4 14. Nd2
Bg4+ 15. Ke1 c3 16. bxc3 bxc3 17. Ne4 Nxe4 18. Bxe4 Rad8 19. h3 Be6 20. g4 Bd5
21. c7 Bxe4 22. cxd8=Q Rxd8 23. f3 Bxf3 24. Rh2 Be4 25. Rc1 Rc8 26. Rb2 g6 27.
Rb5 f6 28. g5 Kf7 29. h4 Ke6 30. Ra5 fxg5 31. hxg5 Rc7 32. Ra3 c2 33. Ra5 Rd7
34. Rc5 Kf5 35. Ra5 Re7 36. Ra4 Bd3 37. Kd2 Rd7 38. Kc3 Kxg5 39. Ra5 Kf5 40.
Re1 h5 0-1

[Event "M.Chigorin Memorial"]
[Site "St. Petersburg RUS"]
[Date "2009.10.19"]
[Round "4.22"]
[White "Alavkin, Arseny"]
[Black "Kryakvin, Dmitry"]
[Result "1/2-1/2"]
[WhiteElo "2428"]
[BlackElo "2571"]
[PlyCount "81"]
[EventDate "2009.??.??"]

1. e4 c5 2. Nf3 d6 3. d4 cxd4 4. Nxd4 Nf6 5. f3 a6 6. c4 e6 7. Nc3 Be7 8. Be3
O-O 9. Be2 b6 10. O-O Bb7 11. Qd2 Qc7 12. Rfc1 Nbd7 13. b4 Rac8 14. a3 Qb8 15.
Nb3 Bd8 16. Bf4 Bc7 17. Rd1 Ne5 18. Bxe5 dxe5 19. Qe3 Rfd8 20. Rxd8+ Bxd8 21.
Rd1 Bc6 22. Kf1 a5 23. b5 Be8 24. Na4 Nd7 25. g3 Be7 26. Rxd7 Bxd7 27. Nxb6 Rc7
28. Nxd7 Rxd7 29. Nxa5 Qf8 30. Nc6 Bxa3 31. Nxe5 Rc7 32. b6 Bc5 33. bxc7 Bxe3
34. Nc6 Bc5 35. Nd8 Bb6 36. c8=Q Qxd8 37. Qxd8+ Bxd8 38. c5 Kf8 39. Bb5 Be7 40.
c6 Bd6 41. f4 1/2-1/2

[Event "M.Chigorin Memorial"]
[Site "St. Petersburg RUS"]
[Date "2009.10.19"]
[Round "4.23"]
[White "Matsenko, Sergei"]
[Black "Harikrishna, P."]
[Result "0-1"]
[WhiteElo "2429"]
[BlackElo "2673"]
[PlyCount "62"]
[EventDate "2009.??.??"]

1. e4 c5 2. Nf3 d6 3. d4 cxd4 4. Nxd4 Nf6 5. Nc3 a6 6. g3 e5 7. Nb3 b5 8. Nd5
Nbd7 9. Bg2 Nxd5 10. exd5 a5 11. a4 b4 12. O-O Be7 13. Bd2 O-O 14. c3 bxc3 15.
Bxc3 Qb6 16. Ra3 f5 17. Qd2 Bd8 18. Rb1 Qa7 19. Nc1 f4 20. gxf4 Rxf4 21. Nd3
Rg4 22. Kh1 Nb6 23. Qe2 Qf7 24. Bf3 Rh4 25. Rg1 Bf6 26. Rb3 Nxd5 27. Rb5 Be6
28. Rxa5 Rf8 29. Ne1 e4 30. Bg4 Rxg4 31. Rxg4 Bxc3 0-1

[Event "M.Chigorin Memorial"]
[Site "St. Petersburg RUS"]
[Date "2009.10.19"]
[Round "4.24"]
[White "Amonatov, Farrukh"]
[Black "Bukavshin, Ivan"]
[Result "1-0"]
[WhiteElo "2643"]
[BlackElo "2417"]
[PlyCount "81"]
[EventDate "2009.??.??"]

1. e4 c5 2. Nf3 d6 3. d4 cxd4 4. Nxd4 Nf6 5. Nc3 Nc6 6. Bg5 e6 7. Qd2 a6 8.
O-O-O Be7 9. f4 Nxd4 10. Qxd4 b5 11. Bxf6 gxf6 12. e5 d5 13. Kb1 Bd7 14. f5
fxe5 15. Qxe5 Bf6 16. Qg3 Qe7 17. Nxd5 exd5 18. Re1 Be6 19. fxe6 fxe6 20. Be2
Bh4 21. Qe5 Bf6 22. Qh5+ Kd8 23. Bg4 e5 24. Bf3 Kc7 25. Bxd5 Rad8 26. Be4 Rd6
27. Rhf1 h6 28. a3 Kb8 29. g3 Qe8 30. Qe2 Qe7 31. Rd1 Rhd8 32. Rxd6 Rxd6 33. h4
Bg7 34. a4 bxa4 35. Qc4 Qc7 36. Qxa4 Ka7 37. Qe8 Kb6 38. Rf3 Rd1+ 39. Ka2 Qc4+
40. Rb3+ Ka5 41. Bd3 1-0

[Event "M.Chigorin Memorial"]
[Site "St. Petersburg RUS"]
[Date "2009.10.19"]
[Round "4.25"]
[White "Aleksandrov, Aleksej"]
[Black "Skomorokhin, Roman"]
[Result "0-1"]
[WhiteElo "2639"]
[BlackElo "2413"]
[PlyCount "108"]
[EventDate "2009.??.??"]

1. d4 d6 2. Nf3 Nf6 3. c4 Nbd7 4. Nc3 e5 5. e4 Be7 6. Be2 O-O 7. O-O c6 8. Be3
a6 9. d5 c5 10. a3 a5 11. Nd2 Ne8 12. g3 g6 13. f4 Ng7 14. Nf3 exf4 15. gxf4
Bf6 16. Nb5 Ra6 17. Qd2 Re8 18. Bd3 Nf8 19. Rae1 Bh3 20. Rf2 Bg4 21. b4 axb4
22. axb4 b6 23. Nxd6 Qxd6 24. e5 Qc7 25. exf6 Nh5 26. f5 gxf5 27. Bh6 Rxe1+ 28.
Qxe1 Nxf6 29. Nh4 Ng6 30. Nxf5 cxb4 31. Bg5 Bxf5 32. Bxf5 Nh5 33. Bh6 Ng7 34.
Bd3 Ra3 35. Bf1 Qc5 36. Kh1 b5 37. cxb5 Qxd5+ 38. Bg2 Qxb5 39. Qd1 Rd3 40. Qa1
Ne6 41. Qf1 Qd7 42. Bf3 Qd4 43. Bc1 Rb3 44. Rc2 Rb1 45. Rc8+ Nef8 46. Be2 Qe4+
47. Kg1 Nf4 48. Bf3 Qd3 49. Bg2 Ne2+ 50. Kh1 Nxc1 51. Rxc1 Qxf1+ 52. Rxf1 Rxf1+
53. Bxf1 Ne6 54. Kg2 b3 0-1

[Event "M.Chigorin Memorial"]
[Site "St. Petersburg RUS"]
[Date "2009.10.19"]
[Round "4.27"]
[White "Andriasian, Zaven"]
[Black "Kosov, Ivan"]
[Result "1-0"]
[WhiteElo "2612"]
[BlackElo "2396"]
[PlyCount "101"]
[EventDate "2009.??.??"]

1. e4 d5 2. exd5 Qxd5 3. Nc3 Qd8 4. d4 c6 5. Nf3 Bf5 6. Bg5 Nf6 7. Bxf6 exf6 8.
Bd3 Be6 9. Qd2 Nd7 10. O-O Be7 11. Rfe1 O-O 12. Rad1 Nb6 13. Ne4 Qc7 14. h3
Rad8 15. b3 Nd5 16. c4 Bb4 17. Qc2 Nf4 18. Re3 Rfe8 19. Ng3 Nxd3 20. Qxd3 Qa5
21. Qe2 Bd6 22. Nf1 Bf4 23. Re4 Bb8 24. Qd2 Qf5 25. Rde1 Bc7 26. Ng3 Qa5 27.
Qc2 Bxg3 28. fxg3 Rf8 29. g4 b5 30. R4e3 bxc4 31. bxc4 Rb8 32. g5 fxg5 33. Re5
Qd8 34. Rxg5 h6 35. Rc5 Qd6 36. Qe4 Rb2 37. Re2 Rfb8 38. Rxb2 Rxb2 39. Qe5 Qxe5
40. Nxe5 Rxa2 41. Nxc6 Kf8 42. d5 Bd7 43. Nb8 Be8 44. Rc8 Rd2 45. Nc6 a6 46.
Kf1 f6 47. Ke1 Rxg2 48. d6 Kf7 49. Nd8+ Kg6 50. Ne6 Bd7 51. Nf8+ 1-0

[Event "M.Chigorin Memorial"]
[Site "St. Petersburg RUS"]
[Date "2009.10.19"]
[Round "4.29"]
[White "Gorovykh, Eduard"]
[Black "Vorobiov, Evgeny E"]
[Result "0-1"]
[WhiteElo "2403"]
[BlackElo "2606"]
[PlyCount "52"]
[EventDate "2009.??.??"]

1. e4 c5 2. Nf3 Nc6 3. d4 cxd4 4. Nxd4 e6 5. Nc3 d6 6. Be3 Nf6 7. f3 Be7 8. Qd2
O-O 9. g4 a6 10. O-O-O Nxd4 11. Bxd4 b5 12. h4 Nd7 13. g5 Qa5 14. a3 Ne5 15.
Be2 Nc6 16. Be3 b4 17. axb4 Nxb4 18. Kb1 d5 19. h5 Rd8 20. Qd4 Rb8 21. h6 f6
22. exd5 Nc6 23. Qf4 fxg5 24. Qg3 Rxb2+ 25. Kxb2 Ba3+ 26. Ka2 Bb4+ 0-1

[Event "M.Chigorin Memorial"]
[Site "St. Petersburg RUS"]
[Date "2009.10.19"]
[Round "4.30"]
[White "Yudin, Sergei"]
[Black "Vlasenko, Miroslav"]
[Result "1-0"]
[WhiteElo "2599"]
[BlackElo "2384"]
[PlyCount "71"]
[EventDate "2009.??.??"]

1. e4 c6 2. Nf3 d5 3. exd5 cxd5 4. Ne5 Nf6 5. d4 Nc6 6. c3 Qb6 7. Bd3 Nxe5 8.
dxe5 Nd7 9. Qe2 Nc5 10. Bc2 Bd7 11. b4 Na4 12. Be3 Qc7 13. e6 fxe6 14. Bd4 a5
15. O-O axb4 16. cxb4 Qc4 17. Qd2 e5 18. Bxe5 e6 19. a3 Qh4 20. Bxa4 Bxa4 21.
Nc3 Be7 22. Nxa4 Rxa4 23. Bxg7 Rg8 24. Be5 Qg4 25. f4 Ra6 26. Ra2 h5 27. Qd3 h4
28. f5 exf5 29. Qxd5 h3 30. Bg3 hxg2 31. Rxg2 Rc6 32. Re1 Rg7 33. b5 Rcg6 34.
Qxb7 f4 35. Rge2 Qg5 36. Qc8+ 1-0

[Event "M.Chigorin Memorial"]
[Site "St. Petersburg RUS"]
[Date "2009.10.19"]
[Round "4.31"]
[White "Yaksin, Oleg"]
[Black "Safarli, Eltaj"]
[Result "1/2-1/2"]
[WhiteElo "2385"]
[BlackElo "2587"]
[PlyCount "89"]
[EventDate "2009.??.??"]

1. Nf3 Nf6 2. c4 g6 3. Nc3 d5 4. cxd5 Nxd5 5. Qa4+ Bd7 6. Qh4 Nxc3 7. bxc3 c5
8. Ne5 Be6 9. e4 Bg7 10. f4 Nd7 11. Nxd7 Qxd7 12. Be2 O-O 13. O-O f5 14. e5 b5
15. d3 b4 16. Be3 Rfc8 17. Qf2 Qc7 18. Bf3 Rab8 19. cxb4 cxb4 20. Bxa7 Rb5 21.
a4 bxa3 22. Rxa3 Qc1 23. Rxc1 Rxc1+ 24. Qf1 Rxf1+ 25. Kxf1 Kf7 26. d4 Bh6 27.
g3 g5 28. Bh5+ Kg7 29. Bc5 Rb1+ 30. Kf2 Rb2+ 31. Ke3 Bd5 32. Ra7 gxf4+ 33. Kd3
Bg5 34. gxf4 Kh6 35. fxg5+ Kxh5 36. Rxe7 f4 37. Rxh7+ Kxg5 38. Rg7+ Kf5 39. Be7
f3 40. Bh4 f2 41. Bxf2 Rxf2 42. Rd7 Be6 43. Rd6 Rxh2 44. d5 Kxe5 45. Rxe6+
1/2-1/2

[Event "M.Chigorin Memorial"]
[Site "St. Petersburg RUS"]
[Date "2009.10.19"]
[Round "4.32"]
[White "Trushelyov, Victor"]
[Black "Malakhatko, Vadim"]
[Result "0-1"]
[WhiteElo "2396"]
[BlackElo "2569"]
[PlyCount "70"]
[EventDate "2009.??.??"]

1. e4 e6 2. d3 d5 3. Nd2 Nc6 4. Ngf3 e5 5. c3 a5 6. Be2 Nf6 7. O-O Be7 8. Re1
O-O 9. Qc2 Re8 10. a3 a4 11. Nf1 h6 12. Be3 Be6 13. c4 d4 14. Bd2 Nd7 15. h3
Nc5 16. Ng3 Qb8 17. Nh2 b5 18. Bg4 Bf8 19. Bxe6 Rxe6 20. f4 bxc4 21. f5 cxd3
22. Qd1 Rd6 23. Ng4 Qxb2 24. Bxh6 gxh6 25. f6 Nb3 26. Qf3 Qd2 27. Nf5 Nxa1 28.
Qg3 Kh7 29. Rxa1 Qg5 30. Qxd3 h5 31. Nh2 Rxf6 32. Nf3 Qg8 33. g4 hxg4 34. hxg4
Qxg4+ 35. Kf2 Bh6 0-1

[Event "M.Chigorin Memorial"]
[Site "St. Petersburg RUS"]
[Date "2009.10.19"]
[Round "4.33"]
[White "Melkumyan, Hrant"]
[Black "Aleshin, Oleg"]
[Result "1-0"]
[WhiteElo "2569"]
[BlackElo "2377"]
[PlyCount "117"]
[EventDate "2009.??.??"]

1. d4 Nf6 2. c4 e6 3. Nf3 d5 4. Nc3 Bb4 5. cxd5 exd5 6. Bg5 Nbd7 7. e3 c5 8.
Bd3 Qa5 9. Qc2 c4 10. Bf5 O-O 11. O-O Re8 12. Nd2 g6 13. Bxd7 Nxd7 14. h4 Nb6
15. e4 Bxc3 16. bxc3 Be6 17. f3 Rac8 18. Rae1 Kg7 19. Rf2 f6 20. Bf4 Na4 21.
Re3 b5 22. a3 Qb6 23. Rfe2 Qc6 24. exd5 Bxd5 25. Re7+ Bf7 26. g4 Nb6 27. Rxe8
Rxe8 28. Ne4 Nd5 29. Qd2 a5 30. g5 f5 31. Be5+ Rxe5 32. dxe5 fxe4 33. fxe4 Ne7
34. Qd6 Kf8 35. Qd8+ Qe8 36. Rd2 Qxd8 37. Rxd8+ Be8 38. Rb8 b4 39. axb4 Nc6 40.
Rb5 axb4 41. cxb4 Ke7 42. Kf2 Ke6 43. Ke3 Nxe5 44. Rc5 Kd6 45. Kd4 Nf3+ 46.
Kxc4 Nxh4 47. b5 Nf3 48. Rd5+ Kc7 49. Kc5 Bf7 50. b6+ Kc8 51. b7+ Kxb7 52. Rd7+
Kc8 53. Rxf7 Nxg5 54. Rf8+ Kd7 55. Kd5 Ke7 56. Ra8 h5 57. e5 Nf7 58. Ra7+ Ke8
59. Ke6 1-0

[Event "M.Chigorin Memorial"]
[Site "St. Petersburg RUS"]
[Date "2009.10.19"]
[Round "4.34"]
[White "Bodnaruk, Anastasia"]
[Black "Shomoev, Anton"]
[Result "1/2-1/2"]
[WhiteElo "2384"]
[BlackElo "2566"]
[PlyCount "38"]
[EventDate "2009.??.??"]

1. e4 c5 2. Nf3 d6 3. d4 cxd4 4. Nxd4 Nf6 5. Nc3 a6 6. Be3 e6 7. g4 e5 8. Nf5
h5 9. g5 Nxe4 10. Nxg7+ Bxg7 11. Nxe4 d5 12. Ng3 d4 13. Bd2 Nc6 14. Bd3 Bg4 15.
f3 Be6 16. Qe2 Qb6 17. O-O h4 18. Ne4 O-O-O 19. b4 f5 1/2-1/2

[Event "M.Chigorin Memorial"]
[Site "St. Petersburg RUS"]
[Date "2009.10.19"]
[Round "4.35"]
[White "Grigoriants, Sergey"]
[Black "Serov, Maksim"]
[Result "1-0"]
[WhiteElo "2564"]
[BlackElo "2377"]
[PlyCount "43"]
[EventDate "2009.??.??"]

1. d4 Nf6 2. c4 g6 3. Nc3 Bg7 4. e4 O-O 5. Nge2 d6 6. f3 b6 7. Bg5 c5 8. d5 e6
9. Qd2 a6 10. dxe6 Bxe6 11. O-O-O Qc8 12. Qxd6 h6 13. Bxf6 Bxf6 14. Nd5 Bxd5
15. Qxf6 Bxc4 16. Nf4 Bxa2 17. Nxg6 fxg6 18. Qxg6+ Kh8 19. Qxh6+ Kg8 20. Rd6
Nd7 21. Qg6+ Kh8 22. Qh5+ 1-0

[Event "M.Chigorin Memorial"]
[Site "St. Petersburg RUS"]
[Date "2009.10.19"]
[Round "4.36"]
[White "Del Rio De Angelis, Salvad"]
[Black "Predke, Alexandr"]
[Result "1-0"]
[WhiteElo "2559"]
[BlackElo "2361"]
[PlyCount "93"]
[EventDate "2009.??.??"]

1. d4 Nf6 2. c4 e6 3. Nc3 Bb4 4. e3 O-O 5. Bd3 c5 6. Nf3 d5 7. O-O Nc6 8. a3
Ba5 9. h3 cxd4 10. exd4 dxc4 11. Bxc4 h6 12. Qd3 Ne7 13. Re1 Bc7 14. Bd2 b6 15.
Rad1 Nfd5 16. Ba2 f5 17. Rc1 Bb8 18. Qe2 Kh7 19. Nxd5 Nxd5 20. Rxc8 Qxc8 21.
Qxe6 Qxe6 22. Rxe6 Nf4 23. Rc6 Rd8 24. Kf1 g6 25. Rf6 Bd6 26. Rxd6 Rxd6 27.
Bxf4 Rf6 28. Be5 Rc6 29. d5 Rc1+ 30. Ke2 Rc2+ 31. Ke3 f4+ 32. Kxf4 Rxf2 33. Kg3
Re2 34. Bc4 Rc2 35. Bb3 Re2 36. Bc4 Rc2 37. Bc3 Rd8 38. Ne5 b5 39. Bb3 Rc1 40.
Nc6 Rd7 41. Nd4 a6 42. Ne6 Rf1 43. Nc5 Re7 44. d6 Re3+ 45. Kh2 Rf8 46. d7 Rd8
47. Ne6 1-0

[Event "M.Chigorin Memorial"]
[Site "St. Petersburg RUS"]
[Date "2009.10.19"]
[Round "4.37"]
[White "Pakhomov, Egor"]
[Black "Ovetchkin, Roman"]
[Result "1/2-1/2"]
[WhiteElo "2371"]
[BlackElo "2556"]
[PlyCount "45"]
[EventDate "2009.??.??"]

1. d4 Nf6 2. Nf3 e6 3. c4 Bb4+ 4. Bd2 Qe7 5. Qc2 Bxd2+ 6. Nbxd2 d6 7. e3 e5 8.
Bd3 O-O 9. O-O Re8 10. Ng5 h6 11. Nge4 Nc6 12. Qc3 Nxe4 13. Bxe4 exd4 14. exd4
Bd7 15. Rfe1 Qf6 16. Nb3 a5 17. Bxc6 Rxe1+ 18. Rxe1 Bxc6 19. Nxa5 Bxg2 20. Kxg2
Qg5+ 21. Kh1 Rxa5 22. Rg1 Qf6 23. Qxa5 1/2-1/2

[Event "M.Chigorin Memorial"]
[Site "St. Petersburg RUS"]
[Date "2009.10.19"]
[Round "4.38"]
[White "Ionov, Sergey"]
[Black "Kovalev, Vladislav"]
[Result "1/2-1/2"]
[WhiteElo "2554"]
[BlackElo "2349"]
[PlyCount "71"]
[EventDate "2009.??.??"]

1. d4 Nf6 2. c4 g6 3. g3 Bg7 4. Bg2 d6 5. Nc3 O-O 6. Nf3 Nbd7 7. O-O e5 8. e4
c6 9. h3 a5 10. Be3 exd4 11. Nxd4 Re8 12. Qc2 Nc5 13. Nb3 Nfd7 14. Rad1 Qe7 15.
Rfe1 a4 16. Nd4 Ne5 17. b3 axb3 18. axb3 Ra3 19. Qb2 Ra8 20. Qc2 Ra3 21. Qb2
Ra8 22. Qb1 Ra3 23. Bc1 Ra8 24. Be3 Ra3 25. Bc1 Ra8 26. Bb2 Qf6 27. Re3 g5 28.
Nf5 Bxf5 29. exf5 Ned7 30. Na4 Qh6 31. Rxe8+ Rxe8 32. Nxc5 Nxc5 33. f6 Bxf6 34.
Rxd6 Re6 35. Rxe6 Nxe6 36. Bc1 1/2-1/2

[Event "M.Chigorin Memorial"]
[Site "St. Petersburg RUS"]
[Date "2009.10.19"]
[Round "4.40"]
[White "Battaglini, Gabriel"]
[Black "Anisimov, Pavel"]
[Result "0-1"]
[WhiteElo "2360"]
[BlackElo "2518"]
[PlyCount "74"]
[EventDate "2009.??.??"]

1. d4 Nf6 2. c4 e6 3. g3 c5 4. d5 exd5 5. cxd5 b5 6. Bg2 d6 7. Nf3 g6 8. O-O
Bg7 9. e4 O-O 10. e5 dxe5 11. Nxe5 Bb7 12. Nc6 Qb6 13. Ne7+ Kh8 14. a4 Ng8 15.
Nxg8 Kxg8 16. axb5 a6 17. Nc3 axb5 18. Rxa8 Bxa8 19. Qe2 c4 20. Be3 Qa5 21. Bc5
Rc8 22. Bh3 Rxc5 23. Qe8+ Bf8 24. Ne4 Qb6 25. Nxc5 Qxc5 26. Qxb8 Qxd5 27. f3
Kg7 28. Bg2 Bc5+ 29. Kh1 Bd4 30. Re1 Bxb2 31. h4 Bc6 32. Kh2 Qd2 33. Rf1 Bf6
34. Qb6 Qd5 35. Bh1 c3 36. f4 Qd2+ 37. Rf2 Qd4 0-1

[Event "M.Chigorin Memorial"]
[Site "St. Petersburg RUS"]
[Date "2009.10.19"]
[Round "4.41"]
[White "Danin, Alexandre"]
[Black "Demianjuk, Alexander"]
[Result "1-0"]
[WhiteElo "2517"]
[BlackElo "2367"]
[PlyCount "59"]
[EventDate "2009.??.??"]

1. e4 c5 2. Nf3 e6 3. d4 cxd4 4. Nxd4 Nc6 5. Nc3 a6 6. Be2 Qc7 7. O-O Nf6 8.
Be3 Bb4 9. Na4 O-O 10. Nxc6 bxc6 11. Nb6 Rb8 12. Nxc8 Rfxc8 13. Bxa6 Rf8 14.
Bd3 Bd6 15. f4 e5 16. f5 Rxb2 17. g4 Qa5 18. g5 Bc5 19. gxf6 Bxe3+ 20. Kh1 gxf6
21. Rg1+ Kh8 22. Qg4 Bg5 23. h4 Bh6 24. Rg2 Rbb8 25. Qh5 Be3 26. Rag1 Qc5 27.
a4 Qe7 28. Rg7 h6 29. R1g5 Rb1+ 30. Kh2 1-0

[Event "M.Chigorin Memorial"]
[Site "St. Petersburg RUS"]
[Date "2009.10.19"]
[Round "4.42"]
[White "Pankov, German"]
[Black "Al Sayed, Mohamad N"]
[Result "1-0"]
[WhiteElo "2359"]
[BlackElo "2515"]
[PlyCount "117"]
[EventDate "2009.??.??"]

1. Nf3 d5 2. c4 c6 3. e3 Nf6 4. Nc3 e6 5. b3 Nbd7 6. Bb2 Bd6 7. Be2 O-O 8. O-O
a6 9. d4 b6 10. Qc2 Bb7 11. e4 e5 12. exd5 cxd5 13. dxe5 Nxe5 14. Nxd5 Nxd5 15.
cxd5 Re8 16. Rad1 Rc8 17. Qd2 Ng6 18. Rfe1 Nf4 19. Qd4 f6 20. Bf1 Rxe1 21. Rxe1
Rc2 22. Bc1 Nxd5 23. Qe4 Rc7 24. Bxa6 Re7 25. Bxb7 Bxh2+ 26. Nxh2 Rxe4 27. Rxe4
Nc3 28. Re1 Nxa2 29. Ba3 Nc3 30. Bf3 Qd2 31. Re3 Nd1 32. Re2 Qd4 33. Nf1 Nc3
34. Re8+ Kf7 35. Re7+ Kg8 36. Bb2 b5 37. Re4 Qc5 38. b4 Qc7 39. Re3 Na4 40.
Bd5+ Kf8 41. Bd4 Qd6 42. Rd3 Qxb4 43. Be3 Qe7 44. Bc6 Qc7 45. Bxb5 Nc3 46. Rd7
Qc8 47. Bb6 Nxb5 48. Rd8+ Qxd8 49. Bxd8 Kf7 50. Ne3 h5 51. Kf1 Nd4 52. Bb6 Ne6
53. Ke2 g5 54. Nd5 Kg6 55. Ke3 h4 56. Bd4 Nxd4 57. Kxd4 g4 58. Ke4 Kg5 59. Nf4
1-0

[Event "M.Chigorin Memorial"]
[Site "St. Petersburg RUS"]
[Date "2009.10.19"]
[Round "4.43"]
[White "Shimanov, Aleksandr"]
[Black "Burtasova, Anna"]
[Result "1-0"]
[WhiteElo "2508"]
[BlackElo "2331"]
[PlyCount "77"]
[EventDate "2009.??.??"]

1. Nf3 Nf6 2. c4 c5 3. g3 e6 4. Bg2 Nc6 5. O-O Be7 6. d4 cxd4 7. Nxd4 O-O 8.
Nc3 a6 9. b3 Qb6 10. Be3 Qa5 11. Na4 Ng4 12. Nxc6 dxc6 13. Bb6 Qh5 14. h3 Nf6
15. g4 Qh4 16. f4 Nd7 17. Bf2 Qf6 18. Nb6 Nxb6 19. Bxb6 e5 20. f5 e4 21. Qd4
Qg5 22. Qxe4 Re8 23. Be3 Qh4 24. Rad1 h5 25. Rd3 hxg4 26. hxg4 Bd7 27. Bf2 Qh6
28. Rxd7 Bd6 29. Rxd6 Qxd6 30. Qd3 Qf4 31. Bf3 Rad8 32. Qc3 Rd6 33. Kg2 Rd2 34.
a4 Qg5 35. c5 Re7 36. Bh4 Rexe2+ 37. Kg3 Qe3 38. Qxe3 Rxe3 39. Bg5 1-0

[Event "M.Chigorin Memorial"]
[Site "St. Petersburg RUS"]
[Date "2009.10.19"]
[Round "4.44"]
[White "Nukin, Askhat"]
[Black "Pavlov, Sergey"]
[Result "1-0"]
[WhiteElo "2353"]
[BlackElo "2507"]
[PlyCount "67"]
[EventDate "2009.??.??"]

1. e4 Nf6 2. e5 Nd5 3. d4 d6 4. Nf3 Bg4 5. Be2 c6 6. Ng5 Bf5 7. e6 fxe6 8. g4
Bg6 9. Bd3 Bxd3 10. Qxd3 Qa5+ 11. Bd2 Nb4 12. Qf3 Qd5 13. Qf7+ Kd7 14. O-O Nxc2
15. Nc3 Qc4 16. Rac1 Nxd4 17. Be3 Nb3 18. Nce4 Nxc1 19. Rxc1 Qd5 20. Qf3 h5 21.
h3 hxg4 22. hxg4 Na6 23. Rd1 Qxa2 24. Qf7 Rh6 25. Rxd6+ Kc7 26. Nxe6+ Rxe6 27.
Rxe6 Qb1+ 28. Kh2 Rd8 29. Bf4+ Kb6 30. Nc3 Qd3 31. Re3 Qd4 32. Be5 Qxg4 33. Re4
Qh5+ 34. Qxh5 1-0

[Event "M.Chigorin Memorial"]
[Site "St. Petersburg RUS"]
[Date "2009.10.19"]
[Round "4.45"]
[White "Makarov, Marat"]
[Black "Melnikov, Dmitry"]
[Result "1-0"]
[WhiteElo "2505"]
[BlackElo "2327"]
[PlyCount "59"]
[EventDate "2009.??.??"]

1. d4 f5 2. Bg5 g6 3. e3 Bg7 4. Nd2 Nf6 5. h4 O-O 6. Bxf6 Bxf6 7. g4 f4 8. g5
fxe3 9. fxe3 Bg7 10. Qe2 d5 11. O-O-O e5 12. c3 exd4 13. exd4 c5 14. dxc5 Qa5
15. Bh3 Nc6 16. Kb1 Bxh3 17. Nxh3 Rae8 18. Qd3 d4 19. Qc4+ Kh8 20. Nb3 Qd8 21.
cxd4 Re4 22. Rhf1 Rxf1 23. Qxf1 Nxd4 24. Nf4 Qc8 25. Nxd4 Rxd4 26. Rxd4 Bxd4
27. Qd3 Bxc5 28. Qc3+ Kg8 29. Qc4+ Kh8 30. Ne6 1-0

[Event "M.Chigorin Memorial"]
[Site "St. Petersburg RUS"]
[Date "2009.10.19"]
[Round "4.46"]
[White "Ponomarev, Dmitry"]
[Black "Vokarev, Sergey"]
[Result "0-1"]
[WhiteElo "2343"]
[BlackElo "2505"]
[PlyCount "60"]
[EventDate "2009.??.??"]

1. d4 Nf6 2. Bg5 d5 3. Bxf6 exf6 4. e3 Be6 5. Bd3 f5 6. c3 c6 7. Qc2 g6 8. Nd2
Nd7 9. Ne2 Bd6 10. h4 Nf6 11. Nf4 Bd7 12. O-O-O Qc7 13. Nh3 O-O 14. g3 b5 15.
Nf4 h5 16. Nf3 Kg7 17. Ng5 Rfe8 18. b4 a5 19. a3 Ne4 20. Kb2 Ra6 21. Ra1 Rea8
22. f3 Nxg5 23. hxg5 Qa7 24. Qb1 Qb8 25. Nxh5+ gxh5 26. Bxf5 axb4 27. Bxd7
bxc3+ 28. Kc1 Bxa3+ 29. Kd1 Qxg3 30. Bg4 Qg2 0-1

[Event "M.Chigorin Memorial"]
[Site "St. Petersburg RUS"]
[Date "2009.10.19"]
[Round "4.47"]
[White "Gu, Xiaobing"]
[Black "Lintchevski, Daniil"]
[Result "1/2-1/2"]
[WhiteElo "2339"]
[BlackElo "2499"]
[PlyCount "101"]
[EventDate "2009.??.??"]

1. e4 c5 2. Nf3 e6 3. d4 cxd4 4. Nxd4 Nf6 5. Nc3 Nc6 6. Be2 Bb4 7. Nxc6 bxc6 8.
e5 Ne4 9. Qd4 Qa5 10. a3 Bxc3+ 11. bxc3 Nxc3 12. Bf3 Nb5+ 13. Qb4 Qxb4+ 14.
axb4 Bb7 15. Be3 f6 16. c4 Nc7 17. exf6 gxf6 18. Rxa7 Rxa7 19. Bxa7 d5 20. Bb6
Kd7 21. Kd2 Ra8 22. Rc1 Ra2+ 23. Ke3 Ra3+ 24. Kd2 Ra2+ 25. Kc3 dxc4 26. Kxc4
Nd5 27. Kb3 Ra8 28. Bxd5 exd5 29. Bd4 Rg8 30. g3 f5 31. Be5 Ra8 32. Rc3 Ba6 33.
Rf3 Bc4+ 34. Kb2 Ra2+ 35. Kc1 Re2 36. Bd4 Re4 37. Bc5 d4 38. Rf4 Rxf4 39. gxf4
d3 40. Kd2 Ke6 41. Ke3 Kd5 42. Bf8 Ba6 43. Bc5 Kc4 44. Kd2 Bc8 45. Bd6 Be6 46.
Bc5 Bd5 47. Bd6 Bf3 48. Bc5 Be2 49. h4 h5 50. Be7 Kd4 51. Bg5 1/2-1/2

[Event "M.Chigorin Memorial"]
[Site "St. Petersburg RUS"]
[Date "2009.10.19"]
[Round "4.48"]
[White "Sichinava, Zviad"]
[Black "Tunik, Gennady"]
[Result "0-1"]
[WhiteElo "2331"]
[BlackElo "2493"]
[PlyCount "56"]
[EventDate "2009.??.??"]

1. d4 Nf6 2. c4 e6 3. g3 c5 4. d5 exd5 5. cxd5 d6 6. Nc3 g6 7. Bg2 Bg7 8. Nf3
O-O 9. O-O Re8 10. Bf4 a6 11. a4 b6 12. Nd2 Nh5 13. Be3 Nd7 14. Nde4 Ne5 15.
Qb3 h6 16. h3 f5 17. Nd2 g5 18. Nf3 Nxf3+ 19. exf3 Nxg3 20. Bxg5 Qxg5 21. fxg3
Qxg3 22. Qc4 Bd7 23. f4 b5 24. axb5 axb5 25. Nxb5 Rxa1 26. Rxa1 Re4 27. Qf1
Rxf4 28. Qe2 Bxb5 0-1

[Event "M.Chigorin Memorial"]
[Site "St. Petersburg RUS"]
[Date "2009.10.19"]
[Round "4.49"]
[White "Pecheritsa, Vitaly"]
[Black "Kovalenko, Igor"]
[Result "0-1"]
[WhiteElo "2319"]
[BlackElo "2484"]
[PlyCount "120"]
[EventDate "2009.??.??"]

1. e4 d5 2. exd5 Qxd5 3. Nc3 Qd6 4. d4 Nf6 5. Bc4 Bg4 6. f3 Bf5 7. Nge2 Nc6 8.
a3 O-O-O 9. Be3 e5 10. d5 Na5 11. Nb5 Qd7 12. Nxa7+ Kb8 13. Bb5 Qxd5 14. b4 c6
15. bxa5 cxb5 16. Nc3 Qxd1+ 17. Rxd1 Rxd1+ 18. Kxd1 b4 19. axb4 Bxb4 20. Nab5
Rd8+ 21. Kc1 Bxa5 22. Rd1 Rxd1+ 23. Kxd1 Be6 24. Bc5 Kc8 25. Bf8 g6 26. Bd6 Nd7
27. Ne4 Bc4 28. Ba3 Bxb5 29. Nd6+ Kc7 30. Nxb5+ Kc6 31. Nd6 f5 32. Nf7 Kd5 33.
Ke2 b5 34. Bb2 Bc7 35. Ng5 h5 36. Nh3 Nc5 37. Nf2 Kc4 38. Nd1 Kd5 39. Ne3+ Ke6
40. Ba3 Nd7 41. Kd3 Bd6 42. Bxd6 Kxd6 43. Nd1 Kc5 44. Nf2 Nf8 45. Kc3 Ne6 46.
Nd3+ Kd5 47. Kb4 e4 48. Nc1 exf3 49. gxf3 Nd4 50. c3 Nxf3 51. Kxb5 Ne5 52. Ne2
Ke4 53. c4 f4 54. c5 f3 55. Ng3+ Ke3 56. h4 Kf2 57. Ne4+ Kg2 58. c6 Nxc6 59.
Kxc6 f2 60. Nd2 f1=Q 0-1